A holistic strategy to mentor persons with an addiction to alcohol in the Kanyadhiang Seventh-day Adventist Church, Kenya / (Record no. 25157)

MARC details
000 -LEADER
fixed length control field 00688nam a22001817a 4500
003 - CONTROL NUMBER IDENTIFIER
control field AUA.1
005 - DATE AND TIME OF LATEST TRANSACTION
control field 20251119174315.0
008 - FIXED-LENGTH DATA ELEMENTS--GENERAL INFORMATION
fixed length control field 250702b |||||||| |||| 00| 0 eng d
040 ## - CATALOGING SOURCE
Transcribing agency JTL
100 ## - MAIN ENTRY--PERSONAL NAME
Personal name Otula, Azaria Otieno
9 (RLIN) 47646
245 ## - TITLE STATEMENT
Title A holistic strategy to mentor persons with an addiction to alcohol in the Kanyadhiang Seventh-day Adventist Church, Kenya /
Statement of responsibility, etc Azaria Otieno Otula.
260 ## - PUBLICATION, DISTRIBUTION, ETC. (IMPRINT)
Date of publication, distribution, etc c2022
300 ## - PHYSICAL DESCRIPTION
Extent viii,167 leaves :
Other physical details Illustrations :
Dimensions 30cm.
610 ## - SUBJECT ADDED ENTRY--CORPORATE NAME
Corporate name or jurisdiction name as entry element Kanyadhiang Seventh-day Adventist Church
Geographic subdivision Kenya
650 ## - SUBJECT ADDED ENTRY--TOPICAL TERM
Topical term or geographic name as entry element Mentorship
Form subdivision Religious aspects
General subdivision Christianity
650 ## - SUBJECT ADDED ENTRY--TOPICAL TERM
Topical term or geographic name as entry element Church work with alcoholics
942 ## - ADDED ENTRY ELEMENTS (KOHA)
Source of classification or shelving scheme AUA Inhouse Classification
Koha item type Dissertations
Classification part DMin
Item part .088 2022
Holdings
Withdrawn status Lost status Source of classification or shelving scheme Damaged status Not for loan Collection code Home library Current library Shelving location Date acquired Source of acquisition Cost, normal purchase price Serial Enumeration / chronology Total Checkouts Full call number Barcode Date last seen Cost, replacement price Price effective from Koha item type
    Library of Congress Classification     JTL Research Collection Judith Thomas Library Judith Thomas Library Judith Thomas Library Research Section 02/07/2025 Theological Seminary 25.00 AUA27863   DMin .088 2022 AUA27863 02/07/2025 25.00 02/07/2025 Dissertations